Garis panduan perladangan buluh di Malaysia

Bibliographic Details
Main Author: ABD. Razak Othman
Corporate Author: Institut Penyelidikan Perhutanan Malaysia (FRIM)
Other Authors: Jamaludin Hj. Malek
Format: Book
Published: Kuala Lumpur : Institut Penyelidikan Perhutanan Malaysia , 2003
Series:FRIM technical information handbook ; no. 33
Subjects:

MARC

LEADER 00000cam a2200000 7i4500
001 0000002872
005 20040204.0
020 0 0 |a 983218150X 
090 0 0 |a 633.5809595 ABD 2003 
100 1 0 |a ABD. Razak Othman 
245 1 0 |a Garis panduan perladangan buluh di Malaysia   |c oleh Abd Razak Othman & Jamaludin Hj. Malek 
260 0 0 |a Kuala Lumpur :   |b Institut Penyelidikan Perhutanan Malaysia ,   |c 2003 
300 |a vi, 23 p. :   |b col. ill. ;   |c 21 cm. 
440 0 0 |a FRIM technical information handbook ; no. 33 
500 0 0 |a Bibliography : p. 22 
650 0 0 |a Bamboo-pulp industry   |x Handbooks, manuals, etc.   |z Malaysia 
650 0 0 |a Bamboo   |x Handbooks, manuals, etc.   |z Malaysia 
700 0 1 |a Jamaludin Hj. Malek 
710 1 1 |a Institut Penyelidikan Perhutanan Malaysia (FRIM) 
998 |a JPSM 
999 |a 0000004040   |b Monograph   |c Open Shelf   |e Default branch